| 000 | 00613nam a2200205 u 4500 | ||
|---|---|---|---|
| 005 | 20240228064008.0 | ||
| 008 | 100205s2004 es r 000 0 spa d | ||
| 020 | _a9681902939 | ||
| 035 | _aUPN01000174477 | ||
| 049 | _aI | ||
| 050 | 4 |
_aPZ74.9 _bH5.73 |
|
| 100 | 1 |
_aHinojosa, Francisco, _d1954- _928902 |
|
| 245 | 1 | 0 |
_aRepugnante pajarraco y otros regalos / _cFrancisco Hinojosa ; il. Rapi Diego. |
| 260 |
_aMéxico : _bAlfaguara, _b2004. |
||
| 300 |
_a104 p. : _bil. |
||
| 440 | 0 | _aInfantil | |
| 650 | 4 |
_aCuentos infantiles mexicanos _97723 |
|
| 650 | 4 |
_aLibros y lectura para niños _92290 |
|
| 905 | _aLibro | ||
| 999 |
_c146581 _d146581 |
||